Self-help for happiness - Statistics

General Stats
  • This quiz has been taken 49 times
  • The average score is 2 of 5
Answer Stats
Question Answer % Correct
If someone rejects you, what should you do? Forget about the ratbag and call someone else to spend time with instead
75%
If no medics or other people are available to speak to, and you need a quick fix from your melancholy, where can you turn? Do this quiz
70%
How can we respond to the meaningless chaos of existence? Join a volunteer group picking up litter
43%
Which is the least-stupid of these four options for making ourselves feel less abysmal? Force a big smile, even though you don't feel like it
40%
If misery feels like a leaden lump inside you, how can you cure this ill? Phone the doc
15%
No matching quizzes found
Score Distribution
Percent of People with Each Score
Percentile by Number Answered
Your Score History
You have not taken this quiz